00335nam a2200109Ia 4500008004100000082000800041100002300049245003300072942000600105952009900111999001500210240331s9999 xx 000 0 und d bPER aArangaswamy, P. ed 0aPerunchol Aharathi :bPart 2 cL 001040708LaWERCLbWERCLcSSCd2024-03-31l0o 030.491 PERp1611r2024-03-31w2024-03-31yL c3266d3266